LEADER 00595nab a2200145 i 4500 001 000000274028 003 CaOOAMICUS 005 20101102000000.0 008 101102n xx uu u0 0und r 013 $a22481 040 $aSeMil$bita 245 10$a[SENZA TITOLO]. - [34] c. - In copertina :$bServizi disponibili on line, www.agensir.it. 500 $a29 ottobre 2010 (N. 1868). 773 0 $t[2010.$dRoma : Società per l'Informazione Religiosa (SIR), stampa 2010.$w()192907 996 $6245$a[SENZA TITOLO]. - [34] c. - In copertina :$bServizi disponibili on line, www.agensir.it.$9(OLS)http://semarc/title/358598 LEADER 00874nam a2200241 i 4500 001 000000116020 003 CaOOAMICUS 005 20041029000000.0 008 041029s2003 it u000 u ita u 013 $a88709 020 $a88-7016-445 040 $aSeMil$bita 245 13$aLa vita e lo Spirito. 250 $aEd. italiana. 300 $a346 p. 490 0 $aSola Scriptura : nuovi studi teologici ;$v19 773 0 $aTillich, Paul Johannes <1886-1965>$tTeologia sistematica.$dTorino : Claudiana, 1996-2006-$g3$w()1630 830 0$aSola Scriptura ;$v19.$0(OLS)http://semarc/title/9376 850 $aSeMil 852 $aSeMil$W1$xVenegono$y1$m2K III 308$j71503$B71503$CSeMilBibl$Z2$F88317 $81 961 $aAcquisto: Mescat 996 $6020$a88-7016-445$9(OLS)http://semarc/number/100001 996 $6245$aLa vita e lo Spirito$9(OLS)http://semarc/title/170047